[Event "XXVe Open de Metz"]
[Site "Metz"]
[Date "2007.04.20"]
[Round "7.2"]
[White "Petkov, Vladimir"]
[Black "Burmakin, Vladimir"]
[Result "1/2-1/2"]
[WhiteElo "2593"]
[BlackElo "2456"]
[PlyCount "44"]
[EventDate "2007.04.20"]

1. d4 c6 2. c4 Nf6 3. Nf3 d5 4. e3 Bf5 5. Nc3 e6 6. Nh4 Be4 7. f3 Bg6 8. Qb3
Qb6 9. Nxg6 hxg6 10. Bd2 Nbd7 11. c5 Qc7 12. f4 b6 13. cxb6 axb6 14. Rc1 Be7
15. Bd3 c5 16. Qd1 Qb8 17. b3 Bd6 18. O-O Ke7 19. Qe2 Qg8 20. e4 dxe4 21. Bxe4
Nxe4 22. Nxe4 Qh7 1/2-1/2

[Event "XXVe Open de Metz"]
[Site "Metz"]
[Date "2007.04.20"]
[Round "7.7"]
[White "Malakhatko, Vadim"]
[Black "Aguettaz, Maxime"]
[Result "1/2-1/2"]
[WhiteElo "2598"]
[BlackElo "2329"]
[PlyCount "90"]
[EventDate "2007.04.20"]

1. d4 Nf6 2. c4 g6 3. Nc3 Bg7 4. e4 d6 5. Nge2 O-O 6. f3 c5 7. Be3 Nc6 8. Qd2
a6 9. a3 b6 10. Rd1 Rb8 11. d5 Ne5 12. Nc1 e6 13. Be2 exd5 14. cxd5 b5 15. b4
cxb4 16. axb4 Nc4 17. Bxc4 bxc4 18. N1a2 Nd7 19. O-O Ne5 20. Bd4 Nd3 21. Bxg7
Kxg7 22. Rb1 Bd7 23. Kh1 Qb6 24. Nd1 Qd4 25. Ne3 f5 26. exf5 Bxf5 27. Nc3 Rbe8
28. Nxf5+ Rxf5 29. b5 axb5 30. Nxb5 Qc5 31. Nc3 Qd4 32. Nb5 Qc5 33. Nc3 Qd4 34.
h3 Re7 35. Qc2 Qh4 36. Ne4 Nf4 37. Kh2 Rh5 38. Qb2+ Kh6 39. Qf6 Qxf6 40. Nxf6
Re2 41. Nxh5 Rxg2+ 42. Kh1 Kxh5 43. Rbc1 Kh4 44. Rxc4 Kxh3 45. Rxf4 Rh2+
1/2-1/2

[Event "XXVe Open de Metz"]
[Site "Metz"]
[Date "2007.04.20"]
[Round "7.12"]
[White "Peric, Slavisa"]
[Black "Gladyszev, Oleg"]
[Result "0-1"]
[WhiteElo "2289"]
[BlackElo "2485"]
[PlyCount "102"]
[EventDate "2007.04.20"]

1. d4 Nf6 2. g3 d5 3. Bg2 c6 4. Nf3 Bg4 5. O-O e6 6. Nbd2 Nbd7 7. Re1 Be7 8. c3
O-O 9. e4 dxe4 10. Nxe4 Nxe4 11. Rxe4 Nf6 12. Re1 Nd5 13. h3 Bxf3 14. Bxf3 Bf6
15. Qb3 Qd7 16. Bd2 Rfe8 17. Rad1 Rad8 18. h4 h6 19. Bc1 Qc7 20. Kg2 Qb6 21.
Qc2 Rd7 22. Be4 Qd8 23. Qb3 Qb6 24. Bb1 Qxb3 25. axb3 Red8 26. Bc2 a5 27. Kf3
b5 28. Be4 b4 29. Bd2 Rb8 30. c4 Ne7 31. Be3 Rbd8 32. Ra1 Bxd4 33. Bxd4 Rxd4
34. Rxa5 Kf8 35. g4 g6 36. h5 gxh5 37. Rxh5 Kg7 38. Reh1 Ng8 39. g5 hxg5 40.
Rxg5+ Kf6 41. Rg3 Ne7 42. Ke3 Nf5+ 43. Bxf5 exf5 44. Rh6+ Ke5 45. Ke2 Rd2+ 46.
Kf1 f4 47. Rgh3 f6 48. Rh7 Rxb2 49. Re7+ Kf5 50. Rg7 Rdd2 51. Rf3 Rd1+ 0-1

[Event "XXVe Open de Metz"]
[Site "Metz"]
[Date "2007.04.20"]
[Round "7.14"]
[White "Daurelle, Herve"]
[Black "Nguyen, Chi-Minh"]
[Result "0-1"]
[WhiteElo "2209"]
[BlackElo "2345"]
[PlyCount "136"]
[EventDate "2007.04.20"]

1. e4 e6 2. d4 d5 3. Nd2 Nf6 4. e5 Nfd7 5. c3 c5 6. Bd3 b6 7. Nh3 Ba6 8. Bxa6
Nxa6 9. O-O b5 10. Qg4 Nb6 11. Nf3 Qd7 12. Be3 c4 13. Rfc1 O-O-O 14. b4 Na4 15.
a3 Nb8 16. Rc2 Nc6 17. Nf4 g6 18. h4 h5 19. Qg3 Ne7 20. Nh3 Nf5 21. Qh2 Kb7 22.
Bg5 Be7 23. Qf4 Ra8 24. Bxe7 Qxe7 25. Qg5 Qxg5 26. Nhxg5 Raf8 27. Re1 Kc6 28.
g3 Kd7 29. Nd2 Ke7 30. Nf1 Ra8 31. Ne3 Ng7 32. Ng2 a5 33. Re3 axb4 34. axb4 Nb6
35. Rf3 Ra1+ 36. Kh2 Nf5 37. Ne3 Nh6 38. Rf6 Nd7 39. Rf4 Rha8 40. g4 hxg4 41.
Nxg4 Nf5 42. Ne3 Rh8 43. Nxf5+ exf5 44. Re2 Nf8 45. Re3 Ne6 46. Nxe6 Kxe6 47.
Rg3 Re1 48. Rg5 Rc1 49. Rg3 Re1 50. Rg5 Rc1 51. Rg3 Ra8 52. Kg2 Raa1 53. Re3
Rg1+ 54. Kh2 Ke7 55. Rg3 Rge1 56. Kg2 Rac1 57. Kh2 Rh1+ 58. Kg2 Rhg1+ 59. Kh2
Rxg3 60. fxg3 Rc2+ 61. Kh3 Rxc3 62. h5 Rc1 63. Kg2 gxh5 64. Rxf5 Rd1 65. Rf6
Rxd4 66. Rc6 Kd7 67. Rc5 Ke6 68. Rxb5 c3 0-1

[Event "XXVe Open de Metz"]
[Site "Metz"]
[Date "2007.04.20"]
[Round "7.16"]
[White "Sulava, Nenad"]
[Black "Sandu, Mihaela"]
[Result "1/2-1/2"]
[WhiteElo "2549"]
[BlackElo "2226"]
[PlyCount "58"]
[EventDate "2007.04.20"]

1. Nf3 Nf6 2. d4 g6 3. Nc3 d5 4. Bf4 Bg7 5. e3 O-O 6. Be2 c5 7. dxc5 Nbd7 8.
Nb5 a6 9. Bc7 Qe8 10. Nbd4 Nxc5 11. O-O b5 12. Nb3 Qc6 13. Be5 Ncd7 14. Bc3 Qd6
15. Qe1 Re8 16. a4 bxa4 17. Rxa4 e5 18. Qa1 Ne4 19. Bb4 Qc6 20. c3 Nb6 21. Ra2
Nc4 22. Na5 Qc7 23. Rd1 Ncd6 24. Nb3 Qb6 25. Nbd2 Nf5 26. Nxe4 dxe4 27. Nd2
Nxe3 28. fxe3 Qxe3+ 29. Kf1 Qf4+ 1/2-1/2

[Event "XXVe Open de Metz"]
[Site "Metz"]
[Date "2007.04.20"]
[Round "7.17"]
[White "Kalinitschew, Sergey"]
[Black "Maruejols, Claude"]
[Result "1-0"]
[WhiteElo "2488"]
[BlackElo "2033"]
[PlyCount "85"]
[EventDate "2007.04.20"]

1. Nf3 Nf6 2. c4 g6 3. Nc3 d5 4. cxd5 Nxd5 5. Qa4+ Bd7 6. Qh4 Bc6 7. Qd4 f6 8.
e4 Nxc3 9. bxc3 Qxd4 10. Nxd4 Bd7 11. Rb1 e5 12. Nb5 Na6 13. f3 Bc5 14. d4 c6
15. dxc5 cxb5 16. Bxb5 Bxb5 17. Rxb5 O-O-O 18. Ke2 Nc7 19. Rb3 Ne6 20. Be3 Kc7
21. Rhb1 Rb8 22. Rd1 Nd8 23. Rb2 Nc6 24. Rbd2 Rbd8 25. Rd6 Rhf8 26. h4 Rf7 27.
R1d5 Rfd7 28. Rxf6 Rxd5 29. exd5 Rxd5 30. h5 gxh5 31. Rh6 Rd7 32. Rxh5 Re7 33.
Bg5 Rf7 34. g4 Nb8 35. Be3 Nd7 36. Rh6 a6 37. Re6 Rg7 38. Kd3 Rf7 39. Ke4 Rg7
40. g5 Rf7 41. c4 Rg7 42. Re8 Rf7 43. f4 1-0

[Event "XXVe Open de Metz"]
[Site "Metz"]
[Date "2007.04.20"]
[Round "7.19"]
[White "Clery, Nicolas"]
[Black "Blanchard, Alain"]
[Result "1-0"]
[WhiteElo "2349"]
[BlackElo "1719"]
[PlyCount "65"]
[EventDate "2007.04.20"]

1. g3 g6 2. Bg2 Bg7 3. c4 c5 4. Nc3 Nc6 5. Nf3 Nf6 6. O-O O-O 7. d4 cxd4 8.
Nxd4 a6 9. Nxc6 dxc6 10. Bf4 Be6 11. Qb3 b5 12. Bxc6 Bxc4 13. Qd1 Ra7 14. Qxd8
Rxd8 15. Be3 Rc7 16. Bb6 Rxc6 17. Bxd8 b4 18. Na4 Nd5 19. Rac1 Bb5 20. Rxc6
Bxc6 21. Nc5 Bxb2 22. Nxa6 Bb5 23. Nxb4 Nxb4 24. Rb1 Nxa2 25. Rxb2 Nc3 26. f3
Nxe2+ 27. Kf2 Ba6 28. Rxe2 Bxe2 29. Kxe2 Kf8 30. Ba5 Ke8 31. Ke3 Kd7 32. Kd4
Kc6 33. Bb4 1-0

[Event "XXVe Open de Metz"]
[Site "Metz"]
[Date "2007.04.20"]
[Round "7.20"]
[White "Struk, Jerzy"]
[Black "Schoumert, Robert"]
[Result "1-0"]
[WhiteElo "2265"]
[BlackElo "1818"]
[PlyCount "72"]
[EventDate "2007.04.20"]

1. e4 c6 2. d4 d5 3. exd5 cxd5 4. c4 Nf6 5. Nc3 g6 6. cxd5 Bg7 7. Qb3 Na6 8.
Bc4 Qb6 9. Qxb6 axb6 10. Be3 O-O 11. Nf3 Nb4 12. Rc1 Rd8 13. d6 exd6 14. a3 d5
15. Bb5 Nc6 16. Na4 Nd7 17. b4 Re8 18. O-O h6 19. h4 Re6 20. Rc2 Na7 21. Bd3
Nc6 22. Bb5 Na7 23. Be2 Nc6 24. Nc3 Nf6 25. Nb5 Ng4 26. Nc7 Rxa3 27. Nxe6 Bxe6
28. Bc1 Rb3 29. Rb2 Rxb4 30. Rxb4 Nxb4 31. Bb2 Nc6 32. Ra1 Bf5 33. Ra3 Be4 34.
Rb3 Bxf3 35. Bxf3 Nxd4 36. Bxd4 Bxd4 1-0

[Event "XXVe Open de Metz"]
[Site "Metz"]
[Date "2007.04.20"]
[Round "7.25"]
[White "Marzolf, Bruno"]
[Black "Bazille, Reynald"]
[Result "1-0"]
[WhiteElo "2259"]
[BlackElo "1850"]
[PlyCount "93"]

1. d4 d5 2. Nc3 Nf6 3. Bg5 Nbd7 4. Nf3 h6 5. Bf4 e6 6. Nb5 Bb4+ 7. c3 Ba5 8. b4
Bb6 9. a4 a5 10. e3 Nh5 11. Be5 Nxe5 12. dxe5 g6 13. Bd3 Bd7 14. O-O Bxb5 15.
Bxb5+ c6 16. Bd3 O-O 17. Qb1 Ng7 18. bxa5 Rxa5 19. Qb4 Ra7 20. Rfb1 Bc7 21. c4
Qb8 22. Qd2 Qa8 23. Bc2 Qb8 24. h3 Re8 25. c5 Rd8 26. Ra2 Ba5 27. Qd1 Qc7 28.
Rab2 Qe7 29. Rb3 Rb8 30. g4 Rd8 31. Kh1 Ne8 32. Bd3 Rb8 33. h4 Nc7 34. h5 g5
35. Bc2 Kf8 36. Qd3 Ke8 37. Qh7 Qf8 38. Nd4 Kd7 39. Bd3 Ne8 40. e4 Qg7 41. exd5
Qxh7 42. dxe6+ fxe6 43. Bxh7 Bc7 44. Rf3 Bxe5 45. Rf7+ Kc8 46. Nxe6 Bc7 47. Bf5
1-0

[Event "XXVe Open de Metz"]
[Site "Metz"]
[Date "2007.04.20"]
[Round "7.42"]
[White "Maury, Claude"]
[Black "Bormann, Marco"]
[Result "1-0"]
[WhiteElo "1846"]
[BlackElo "1499"]
[Annotator "Bormann,Marco"]
[PlyCount "75"]

1. d4 Nf6 2. Bf4 g6 3. e3 Bg7 4. Be2 O-O 5. h4 h6 6. c3
d6 7. Bf3 Nbd7 8. Nd2 e5 9. Bg3 Re8 10. Qc2 exd4 11. cxd4 Re7 12. Ne2 Nb6 13.
h5 g5 14. Nc3 a6 15. O-O-O c5 16. dxc5 dxc5 17. Nc4 Nbd7 18. Nd5 Nxd5 19. Bxd5
Ra7 20. Bd6 Re8 21. Bxc5 Nxc5 22. Bxf7+ Kxf7 23. Rxd8 Rxd8 24. Qg6+ Kf8 25. Qb6
Nd3+ 26. Kc2 Rd7 27. Qxa7 Nb4+ 28. Kb3 Nc6 29. Qc5+ Kg8 30. Qf5 b5 31. Qe6+ Kh8
32. Qxc6 bxc4+ 33. Qxc4 Rb7+ 34. Kc2 Rxb2+ 35. Kc1 Bf5 36. e4 Bd7 37. Rd1 Rb7
38. Rxd7 1-0